Fruit Machine Quiz Stats

 Plays Quiz Updated Jul 6, 2013

Also try: Name That Fruit!
Challenge
Share
Tweet
Score 0/30 Timer 05:00
0 Plays Today
% Correct
pome
94.5%
a
91.3%
nec
91.2%
str
91%
tan
89.6%
ki
89.3%
ras
88.3%
or
88%
gra
87.5%
ba
86.1%
pi
84.3%
man
78%
le
77.9%
av
76%
ku
74.5%
% Correct
to
73.7%
pea
72.6%
li
66.2%
g
65.5%
c
64.1%
gu
63.5%
ap
62.9%
ly
57%
m
56.8%
p
41.5%
qu
41%
f
37.2%
sa
33.7%
d
33.5%
o
32.5%

You're not logged in!

Compare scores with friends on all Sporcle quizzes.
Join for Free
OR
Log In

You Might Also Like...

Show Comments

Extras

Top Quizzes Today


Score Distribution

Your Account Isn't Verified!

In order to create a playlist on Sporcle, you need to verify the email address you used during registration. Go to your Sporcle Settings to finish the process.

Report this User

Report this user for behavior that violates our Community Guidelines.

Details: